| 000 | 00836cam a2200217 4500 | ||
|---|---|---|---|
| 001 | J125577 | ||
| 008 | 040325n2003 000 0 eng u | ||
| 035 | _a(Sirsi) u125577 | ||
| 041 | _aeng | ||
| 050 |
_a333.0062 _c18 |
||
| 110 |
_aRoyal Institution of Chartered Surveyors _bGovernance and Corporate Management _94171 |
||
| 245 |
_aCouncil of RICS England and Wales _bresourcing regions for real results |
||
| 260 |
_a[S.l.] _bRICS _c2003 |
||
| 490 |
_aRICS Brooke Review _vAppendix B EWC/P (03) 29 |
||
| 520 | _aTimetable of events between May and October 2003. Forms part of the supporting documentation for RICS Brooke Review Committee Meeting, 30 January 2004. | ||
| 650 | _aRICS MEMBERSHIP | ||
| 650 | _aRICS BROOKE REVIEW | ||
| 690 | _aRICS NEWS | ||
| 710 |
_aRoyal Institution of Chartered Surveyors _94900 |
||
| 942 | _n0 | ||
| 999 |
_c103436 _d103436 |
||